[Event "GER-ch Youth U18 2020"]
[Site "Willingen"]
[Date "2020.10.20"]
[Round "1.1"]
[White "Lesny, Florian"]
[Black "Roseneck, Jonas"]
[Result "0-1"]
[WhiteElo "2178"]
[BlackElo "2417"]
[Annotator "TA"]
[PlyCount "84"]
[EventDate "2020.10.20"]
[EventType "swiss"]
[EventRounds "7"]
[EventCountry "GER"]
[SourceTitle "playchess.com"]
[Source "ChessBase"]
[SourceQuality "1"]

{[%evp 15,84,0,31,19,39,17,27,22,31,12,14,12,16,19,22,9,21,11,29,35,177,152,192,72,68,68,74,51,97,80,86,73,43,15,31,31,47,25,33,0,105,107,103,96,60,65,56,54,54,48,97,69,88,0,0,0,14,3,127,0,0,-8,-15,-595,0,-100,-88,-125,0,-2628,-1649]} 1. e4 c5 2. Nf3 d6 3. d4 cxd4 4. Nxd4 Nf6 5. Nc3 a6 6. Be3 e5 7. Nb3 Be6 8. f3 h5 (8... Nbd7 {with more complications.} 9. Qd2 h5 10. O-O-O Be7 11. Kb1 b5) 9. Nd5 {B90: Sicilian Najdorf: Unusual White 6th moves, 6 Be3 Ng4 and 6 Be3 e5.} Bxd5 10. exd5 Nbd7 11. Qd2 {White has an edge.} g6 12. O-O-O {is recently more successful than 12.Be2. Played by Peter Svidler in July 2020.} Nb6 13. Kb1 Nbxd5 14. Bg5 {Strongly threatening Qxd5!} Be7 $1 15. Bc4 Nb6 16. Na5 $1 {[#]} Nxc4 $146 (16... O-O {looks sharper.} 17. Bxf6 Bxf6 18. Qxd6 Nxc4 19. Nxc4 Rc8) ({Predecessor:} 16... Rb8 17. Bxf6 Bxf6 18. Qxd6 Qxd6 19. Rxd6 Bd8 20. Re1 Bc7 21. Rdd1 O-O 22. Bb3 Kg7 {0-1 (42) Ceres,D (2270)-Sabuk,P (2371) Prague 2020}) 17. Nxc4 d5 (17... O-O $1 $14) 18. Nxe5 $18 O-O 19. Bxf6 (19. h4 $18 {and White stays clearly on top.}) 19... Bxf6 $16 20. Qxd5 {Black must now prevent Qb3.} Qb6 21. Nc4 Qa7 22. Qd6 Bg7 23. Nb6 Rad8 24. Qb4 Rxd1+ 25. Rxd1 Re8 26. a4 Qb8 27. f4 Rd8 (27... Re2 $11 {keeps the balance.}) 28. Nd5 b5 29. axb5 axb5 30. g3 Qa8 31. Qe4 Kh8 32. f5 Rd6 33. fxg6 fxg6 34. Rd3 ({Better is} 34. c3 $16) 34... Ra6 $1 $40 {[%csl Ga8][%cal Ra6a1][%mdl 128] White needs to defend precisely.} 35. Kc1 Ra1+ 36. Kd2 Qa5+ (36... Qc6 $11 {remains equal.} 37. Re3 Bxb2) 37. Nb4 (37. b4 $16 Qa7 38. Nf4 Qf2+ 39. Qe2 Qxe2+ 40. Kxe2) 37... Qb6 38. Qe3 Qf6 {Hoping for ...Qf1.} 39. Rd5 $2 {[%mdl 8192]} (39. c3 $11 {and White stays safe.}) 39... Qxb2 $2 {[#]} (39... Qf1 $1 $19 {[%csl Ga1][%cal Rf1d1]} 40. Rxh5+ gxh5 41. Qe8+ Qf8 42. Qxf8+ Bxf8) 40. Qe8+ (40. Rxh5+ $1 $11 {[%mdl 512]} gxh5 41. Qe8+ Bf8 42. Qxf8+ Kh7 43. Qf5+ Kh6 44. Qe6+ Kh7 45. Qf5+ Kh6 46. Qe6+ Kh7 47. Qf5+) 40... Kh7 $17 {[#] ( -> ...Qc1+)} 41. Rxh5+ $1 {[%mdl 512] [#]} gxh5 (41... Bh6+ $1 $17 42. Rxh6+ Kxh6) 42. Qxh5+ $2 {[%mdl 8192]} (42. Qe4+ $11 Kh6 43. Qe3+ Kg6 44. Qe4+ Kg5 45. Qf4+ Kg6 46. Qe4+ Kh6 47. Qe3+ Kh7 48. Qd3+ Kh8 49. Qd8+ Bf8 50. Qxf8+ Kh7 51. Qf5+ Kh6 52. Qe6+ Kh7 53. Qf5+ Kg7 54. Qg5+ Kf8 55. Qc5+ (55. Qd8+ Kg7 $11) 55... Kg7 56. Qg5+ Kf8 57. Qf5+ (57. Qd8+ Kg7 $11) 57... Kg7 58. Qg5+) 42... Bh6+ {Black used his chance. Av CentiPawn Loss W=-68/B=-67. Weighted=-135/-57} 0-1

[Event "GER-ch Youth U18 2020"]
[Site "Willingen"]
[Date "2020.10.20"]
[Round "1.2"]
[White "Stork, Oliver"]
[Black "Huber, Benedikt"]
[Result "1-0"]
[WhiteElo "2371"]
[BlackElo "2191"]
[Annotator "TA"]
[PlyCount "51"]
[EventDate "2020.10.20"]
[EventType "swiss"]
[EventRounds "7"]
[EventCountry "GER"]
[SourceTitle "playchess.com"]
[Source "ChessBase"]
[SourceQuality "1"]

{[%evp 9,51,-8,-8,-18,-12,-6,-19,-26,-18,0,0,-26,-1,-12,-13,-17,16,24,33,22,92,90,164,158,154,162,156,165,195,195,194,194,194,194,196,194,236,192,224,218,216,220,219,212]} 1. c4 e5 2. Nc3 Bb4 3. Nd5 Be7 4. d4 d6 5. g3 Nf6 6. Bg2 {A21: English Opening: 1...e5 2 Nc3.} O-O 7. Nxe7+ Qxe7 8. Nf3 {The position is equal.} c5 9. dxe5 dxe5 {[#]} 10. Bg5 $146 ({Predecessor:} 10. O-O e4 11. Ng5 Nc6 12. Bd2 b6 13. Qc1 Nd4 14. Re1 h6 15. Nh3 Bg4 16. Nf4 g5 17. f3 gxf4 18. fxg4 e3 {0-1 (18) Czebe,A (2492)-Vishnu,P (2483) Budapest 2013}) 10... Rd8 11. Qb3 Nc6 12. O-O e4 13. Nd2 Nd4 14. Qe3 {[%cal Rd2e4]} Nc2 {[#]} (14... h6 $11 {keeps the balance.} 15. Bxf6 Qxf6) 15. Qf4 $1 $16 {[%cal Rd2e4]} Nxa1 (15... Nd4 $16 16. Bxf6 gxf6 17. Qxe4 Nxe2+ 18. Kh1 Qxe4 19. Nxe4 Rb8) 16. Nxe4 $18 {White is clearly better.} Rd4 {[%cal Rd4e4] White must now prevent ...Rxe4.} 17. Bxf6 gxf6 18. e3 Rxc4 {And now ...Kg7 would win.} 19. Nxf6+ {[%mdl 64] [#] Discovered Attack} Kh8 20. Qxc4 Qxf6 21. Qxc5 {[%cal Rc5f8]} Be6 22. Rxa1 Rd8 23. Be4 Qxb2 24. Rb1 Qf6 25. Rxb7 Bh3 {[%cal Rd8d1]} 26. Qh5 {Av CentiPawn Loss W=-5/B=-13. Weighted=-4/-14} 1-0

[Event "GER-ch Youth U18 2020"]
[Site "Willingen"]
[Date "2020.10.20"]
[Round "1.3"]
[White "Gutkin, Ilya"]
[Black "Färber, David"]
[Result "1/2-1/2"]
[WhiteElo "2203"]
[BlackElo "2321"]
[Annotator "TA"]
[PlyCount "68"]
[EventDate "2020.10.20"]
[EventType "swiss"]
[EventRounds "7"]
[EventCountry "GER"]
[SourceTitle "playchess.com"]
[Source "ChessBase"]
[SourceQuality "1"]

{[%evp 13,68,9,13,0,0,0,8,0,0,0,0,-5,11,0,1,6,6,-23,-8,-14,-9,-5,10,0,0,0,0,0,0,0,0,0,0,-4,0,-6,0,-10,0,0,0,-10,0,0,0,0,29,29,32,22,128,9,7,0,31,37,33]} 1. Nf3 d5 2. g3 Bg4 3. Bg2 e6 4. c4 c6 5. cxd5 Bxf3 6. Bxf3 cxd5 7. O-O Nc6 8. d3 {A11: English Opening: 1...c6.} Nf6 9. Nc3 Bc5 10. a3 {The position is equal.} Rc8 11. Bd2 O-O 12. Rc1 Qe7 13. Bg5 {[#]} Bd6 $146 ({Predecessor:} 13... Bd4 14. Bg2 Rfe8 15. e3 h6 16. Bxf6 {½-½ (16) Razuvaev,Y (2560)-Godena,M (2550) Reggio Emilia 1996}) 14. e4 dxe4 15. dxe4 Be5 16. Be3 Rfd8 17. Qe2 Bd4 18. Rfd1 h6 19. Bg2 Bxe3 20. Qxe3 Rxd1+ 21. Rxd1 Rd8 22. Rxd8+ Qxd8 23. h3 e5 24. Nd5 Qd6 25. Qc3 Nd7 26. b4 Nb6 27. Kf1 Kf8 28. h4 Ne7 29. Ne3 Kg8 30. Bf3 Nd7 31. Kg2 Nb6 {[#]} (31... Kf8 $11) 32. Ng4 (32. Nf5 $1 $16 {[%cal Rf5d6]} Na4 33. Qc2 (33. Nxd6 Nxc3 34. Nxb7 Nc6 $14) 33... Nxf5 34. Qxa4) 32... Nc6 $11 33. Ne3 Nd4 34. Nf5 Qd8 {Av CentiPawn Loss W=-8/B=-9. Weighted=-13/-8} 1/2-1/2

[Event "GER-ch Youth U18 2020"]
[Site "Willingen"]
[Date "2020.10.20"]
[Round "1.4"]
[White "Schmider, Niklas"]
[Black "Wong, Gengchun"]
[Result "1/2-1/2"]
[WhiteElo "2291"]
[BlackElo "2120"]
[Annotator "TA"]
[PlyCount "121"]
[EventDate "2020.10.20"]
[EventType "swiss"]
[EventRounds "7"]
[EventCountry "GER"]
[SourceTitle "playchess.com"]
[Source "ChessBase"]
[SourceQuality "1"]

{[%evp 18,121,62,55,54,54,58,66,88,51,68,56,51,43,18,0,0,0,81,27,40,-16,0,0,0,0,13,13,13,13,13,14,10,-8,-4,-6,0,-6,-8,0,31,0,0,-93,-94,-123,-73,-148,-139,-119,-100,-79,4,4,293,-52,-6,-13,-14,-206,0,-166,44,39,43,31,37,60,43,0,37,21,113,131,119,92,94,31,64,0,0,0,0,-96,-89,-70,-73,-93,-53,-66,0,-142,-52,-139,-155,-128,-103,-117,0,-123,0,-75,0,-68,-17,-27]} 1. e4 c5 2. Nf3 d6 3. d4 cxd4 4. Nxd4 Nf6 5. Nc3 a6 6. Be3 e6 7. g4 b5 8. g5 Nfd7 9. Qd2 Bb7 10. a3 Nb6 {B81: Sicilian Scheveningen: Keres Attack.} 11. O-O-O N8d7 12. h4 Ne5 {White is slightly better.} 13. h5 Rc8 {[#]} 14. Qe1 $146 ({Predecessor:} 14. f4 Nec4 15. Bxc4 Nxc4 16. Qd3 Qb6 17. h6 gxh6 18. gxh6 Rg8 19. Rdg1 Rxg1+ 20. Bxg1 {1-0 (41) Navara,D (2722)-Graf,A (2606) Germany 2011}) 14... Qc7 15. f4 Nec4 16. Bxc4 Nxc4 17. Rd3 $1 Be7 (17... d5 $11 18. exd5 b4 19. axb4 Bxb4) 18. g6 (18. Kb1 $16) 18... Bf6 $11 19. f5 (19. gxf7+ $14 Qxf7 20. Kb1) 19... exf5 20. gxf7+ Qxf7 21. Nxf5 O-O 22. Rg1 Qxh5 23. Bd4 Bxd4 24. Rxd4 Rc7 25. Nd5 $132 {[%mdl 2048] White is not holding back} Bxd5 $1 26. Rxd5 {Threatens to win with Ne7+!} Qh2 27. Rh1 Qf4+ 28. Kb1 Ne5 29. Rh4 {[%mdl 1024] White has compensation.} Qg5 30. Qh1 (30. Rh1 $1 $11 {keeps the balance.}) 30... g6 $1 $17 {[%cal Rg6f5]} 31. Rd1 Kh8 (31... gxf5 $6 32. Rg1 $11) 32. Rg1 (32. Nxd6 $142 Qe7 33. Qh3) 32... Qf6 33. Rh6 Nc4 {[%csl Gc4][%cal Rf6b2]} 34. c3 {aiming for Rhxg6.} Nd2+ ({Black should try} 34... Ne5 $17) 35. Ka1 $11 Nxe4 $2 {[%mdl 8192]} (35... Nb3+ $11 {and Black has nothing to worry.} 36. Ka2 Qf7 37. Rhxg6 (37. Nxd6 {gets mated.} Nc1+ {[%mdl 64] Discovered Attack (Double check)} 38. Kb1 Qa2+ 39. Kxc1 Rf2 40. Rxh7+ Rxh7 41. Nf7+ Qxf7 42. e5 Rxh1 43. Rxh1+ Kg7 44. Rf1 Qf4+ 45. Kb1 Qe4+ 46. Ka1 Rxf1+ 47. Ka2 Qc4+ 48. b3 Qe2#) 37... Nd2+ 38. Ka1 Nb3+ 39. Kb1 Nd2+ 40. Kc1 Qa2) 36. Nd4 $2 (36. Nh4 $1 $18 {[%cal Rh4g6]} Ng3 37. Qh2 (37. Rxg3 Qf1+ 38. Qxf1 Rxf1+ 39. Ka2 Kg7 $14)) 36... Nf2 $1 $15 {[%cal Rf2h1]} 37. Qd5 $1 {Rgxg6 is the strong threat.} Rc5 38. Qb7 $2 (38. Qg2 $11) 38... Qf7 $2 (38... Qg7 $19 39. Qxg7+ Kxg7) 39. Qxa6 $2 (39. Qxf7 $11 Rxf7 40. Rgxg6) 39... Ne4 $2 ({Black should play} 39... Qf4 $1 $19 {[%cal Rf4h6]} 40. Rxh7+ Kxh7) 40. Rgh1 $14 Nf6 41. Qxd6 (41. Nxb5 Nh5 $11) 41... Rd5 42. Qc6 {Strongly threatening Ne6.} Rfd8 43. R6h4 Nh5 44. Re1 Qd7 (44... Ng3 $11 {remains equal.}) 45. Qb6 $16 Qd6 46. Qa7 Qd7 47. Qa5 (47. Qa6 $16) 47... Ng7 $14 48. Reh1 (48. Rf4 $14) 48... h5 $11 49. Re4 Nf5 {Hoping for ...Ng3.} 50. Rhe1 (50. Rg1 $11) 50... Nxd4 $17 51. cxd4 Rxd4 52. Rxd4 Qxd4 53. Qxb5 {[%mdl 4096] Endgame KQR-KQR} Rd7 (53... Kg7 $15) 54. Qb8+ {[#]} (54. a4 $11) 54... Kh7 (54... Kg7 $1 $17 55. Qb5 Rf7) 55. Qg3 ({Better is} 55. Qe8 $15) 55... Rb7 {[%csl Gb7][%cal Rd4b2]} 56. Qg2 Ra7 {And now ...Rxa3+ would win.} 57. Qf3 {[#]} Rd7 (57... Kg7 $1 $17 58. Kb1 Rf7) 58. Qc6 (58. Qg3 $1 $11) 58... Ra7 (58... Rf7 $17 59. Re4 Qd7) 59. Ka2 (59. Qf3 $1 $11) 59... Qg7 (59... Qf4 $17) 60. Re2 (60. a4 $11) 60... Qf7+ (60... Rc7 $15 61. Qe4 Qf7+ 62. b3 Rb7) 61. b3 $1 {Av CentiPawn Loss W=-36/B=-35. Weighted=-48/-43} 1/2-1/2

[Event "GER-ch Youth U18 2020"]
[Site "Willingen"]
[Date "2020.10.20"]
[Round "1.5"]
[White "Junker, Magnus"]
[Black "Wachinger, Nikolas"]
[Result "0-1"]
[WhiteElo "2093"]
[BlackElo "2334"]
[Annotator "TA"]
[PlyCount "98"]
[EventDate "2020.10.20"]
[EventType "swiss"]
[EventRounds "7"]
[EventCountry "GER"]
[SourceTitle "playchess.com"]
[Source "ChessBase"]
[SourceQuality "1"]

{[%evp 15,98,0,0,0,0,0,0,0,0,0,25,35,58,64,68,-37,-29,-27,-28,-51,-40,-50,0,-13,0,-5,0,-47,0,11,14,14,15,0,0,-9,0,0,0,0,0,0,0,-613,-608,-613,-610,-606,-606,-580,-580,-602,-584,-576,-568,-824,-784,-714,-567,-1729,-1769,-2202,-5916,-2318,-1284,-1284,-859,-7552,-2433,-29975,-29976,-29972,-12826,-29976,-29978,-29980,-29977,-29983,-29975,-29988,-29989,-29989,-29990,-29990,-29984]} 1. e4 c5 2. Nf3 d6 3. d4 cxd4 4. Nxd4 Nf6 5. Nc3 a6 6. Bg5 e6 7. Qe2 Be7 8. f4 h6 9. Bxf6 {B98: Sicilian Najdorf: 6 Bg5 e6 7 f4 Be7, sidelines.} Bxf6 10. O-O-O Qc7 11. Qd2 {The position is equal.} Bd7 12. h4 {[#]} b5 $146 ({Predecessor:} 12... Nc6 13. Nb3 Be7 14. Rh3 Rc8 15. Kb1 Na5 16. Nxa5 Qxa5 17. e5 d5 18. Ne4 Qxd2 19. Nxd2 {0-1 (49) Calvo Minguez,R-Browne,W Madrid 1973}) 13. g4 b4 14. Nce2 Nc6 15. Bg2 ({Better is} 15. Nxc6 $14 Qxc6 16. Qxd6) 15... Nxd4 $15 16. Nxd4 {Threatens to win with e5.} Rc8 17. Nb3 a5 {[#] aiming for ...a4.} 18. g5 a4 19. gxf6 axb3 20. axb3 gxf6 21. Bf1 Qa5 (21... Qc5 $15) 22. Qxd6 $11 Qa1+ 23. Kd2 Qxb2 24. Ke1 Qc3+ 25. Rd2 $132 {[%mdl 2048] White puts up resistance} Qe3+ 26. Kd1 Ra8 {[%cal Ra8a1]} 27. Qxd7+ Kf8 {[%cal Ra8a1]} 28. Qd6+ {[%mdl 64] Double Attack} Kg7 {[%cal Ra8a1]} 29. Rg1+ $2 {[%mdl 8192] Black converts the advantage convincingly.} (29. Qd4 $11 Qf3+ {[%mdl 64] Double Attack} 30. Ke1 Qxh1 31. Rg2+ Kh7 32. Qxf6) 29... Qxg1 $19 {[%cal Rg1f1]} 30. Rg2+ {[#]} Qxg2 $1 {[%mdl 512]} 31. Bxg2 Rhd8 32. Qxd8 Rxd8+ {[%mdl 4096] Endgame KR-KB} 33. Ke2 Kf8 34. Bf1 Ke7 35. Kf3 Rd2 36. Bd3 h5 37. e5 f5 38. Kg3 Kd7 39. Bb5+ Kd8 40. Bd3 Kc7 41. Kf3 Kc6 42. Be2 Rxc2 43. Ke3 Rc3+ (43... Kc5 $142 44. Bd1 Rc3+ 45. Kf2 Rh3 46. Bxh5 Rxb3 47. Bxf7 Kd5 48. Ke2 Rc3 49. Kd2 Rc4 50. Be8 Rxf4 51. Kc2 Rxh4 52. Kb3 Kxe5 53. Kc2 f4 54. Kd3 Rh3+ 55. Kc2 Rh2+ 56. Kb3 f3 57. Bd7 Rh1 58. Bc6 f2 59. Bb5 Kd4 60. Kb2 f1=Q 61. Bxf1 Rxf1 62. Kb3 e5 63. Kxb4 Rb1+ 64. Ka4 e4 65. Ka5 e3 66. Ka6 e2 67. Ka7 e1=Q 68. Ka6 Qb4 69. Ka7 Qb7#) 44. Kd2 Rxb3 {Black mates.} 45. Bxh5 Rh3 46. Bxf7 Kd5 47. h5 b3 48. Kc1 Rh2 49. Kb1 Rf2 {Av CentiPawn Loss W=-46/B=-2. Weighted=-25/36} 0-1

[Event "GER-ch Youth U18 2020"]
[Site "Willingen"]
[Date "2020.10.20"]
[Round "1.6"]
[White "Suvorov, Alexander"]
[Black "Papadopoulos, Ioannis"]
[Result "1-0"]
[WhiteElo "2313"]
[BlackElo "2186"]
[Annotator "TA"]
[PlyCount "83"]
[EventDate "2020.10.20"]
[EventType "swiss"]
[EventRounds "7"]
[EventCountry "GER"]
[SourceTitle "playchess.com"]
[Source "ChessBase"]
[SourceQuality "1"]

{[%evp 14,82,22,17,20,29,29,31,22,8,14,15,21,26,27,25,52,43,52,47,49,48,66,63,58,57,100,115,96,89,132,96,114,87,91,67,96,105,130,118,122,113,148,125,136,118,135,110,115,103,118,93,87,116,115,87,87,96,97,90,90,105,127,115,565,356,615,610,29998,29999,29999]} 1. d4 Nf6 2. c4 e6 3. Nc3 Bb4 4. e3 O-O 5. Bd2 b6 6. Nf3 Bb7 7. Bd3 d6 8. O-O Nbd7 {E21: Nimzo-Indian: 4 Nf3.} 9. b3 Bxc3 10. Bxc3 {[#]} Ne4 $146 {White is slightly better.} ({Predecessor:} 10... Qe7 11. Nd2 e5 12. d5 c6 13. dxc6 Bxc6 14. Qb1 h6 15. Rd1 d5 16. Bb2 Rad8 17. cxd5 Nxd5 {1-0 (57) Song,J (2347)-Auvray,J (1990) Rennes 2010}) 11. Be1 f5 12. Nd2 Nxd2 13. Bxd2 Qh4 14. f3 c5 15. Qe1 $36 {[%mdl 2048] White has the initiative.} Qg5 16. Qg3 Qxg3 17. hxg3 Rad8 18. Rfd1 Nf6 19. Bc3 cxd4 20. exd4 Nh5 21. Kf2 Rfe8 22. Re1 g6 23. Rad1 Kf7 24. a4 {[%cal Ba2a4,Ba4a5][%mdl 32]} Nf6 25. a5 h5 26. Bf1 Rh8 27. Ra1 h4 28. axb6 axb6 29. Ra7 Rd7 30. Bb4 hxg3+ 31. Kxg3 Ra8 32. Rea1 Rxa7 33. Rxa7 Ne8 34. c5 bxc5 35. dxc5 {[#] Bb5 is the strong threat.} Bc6 36. Rxd7+ Bxd7 37. cxd6 $16 {KBB-KBN} e5 38. Bc5 e4 $2 {[%mdl 8192] Loses the game.} (38... f4+ $16 {is more resistant.} 39. Kf2 Ke6) 39. fxe4 Ke6 $2 (39... Nf6) 40. Kf4 $18 {[#] White threatens Bc4+ and mate.} fxe4 41. Bc4+ Kf6 42. Bd4# {Av CentiPawn Loss W=71/B=-59. Weighted=13/-80} 1-0

[Event "GER-ch Youth U18 2020"]
[Site "Willingen"]
[Date "2020.10.20"]
[Round "1.7"]
[White "Burian, Simon"]
[Black "Richter, Nils"]
[Result "0-1"]
[WhiteElo "2113"]
[BlackElo "2290"]
[Annotator "TA"]
[PlyCount "102"]
[EventDate "2020.10.20"]
[EventType "swiss"]
[EventRounds "7"]
[EventCountry "GER"]
[SourceTitle "playchess.com"]
[Source "ChessBase"]
[SourceQuality "1"]

{[%evp 18,102,28,20,16,17,75,11,23,0,13,13,13,13,9,12,32,0,31,41,67,59,103,52,63,28,31,0,-6,-65,-45,-210,-233,-232,-221,-199,-202,-264,-195,-194,-181,-218,-151,-245,-162,-162,-156,-160,-89,-87,-70,-70,-37,-77,-76,-81,0,-1,-6,-6,-6,-6,-6,-21,-16,-24,-22,-325,-325,-317,-310,-325,-318,-318,-318,-345,-344,-786,-743,-760,-756,-777,-764,-5019,-5003,-1311,-1264]} 1. e4 c5 2. Nf3 e6 3. d4 cxd4 4. Nxd4 Nc6 5. Nc3 Qc7 6. Be2 a6 7. f4 b5 8. Nxc6 Qxc6 9. Bf3 Bb7 10. Be3 Qc7 {B49: Sicilian: Taimanov: 5 Nc3 Qc7 6 Be3 a6 7 Be2.} 11. Qd4 Ne7 (11... Be7 $11) 12. O-O (12. O-O-O $16) 12... Nc6 {The position is equal.} 13. Qd3 Be7 14. Rad1 d6 15. Qe2 O-O 16. Qf2 Rac8 {[#]} 17. Ne2 $146 ({Predecessor (3):} 17. Rfe1 Qb8 18. Bb6 Ba8 19. Rd3 Nb4 20. Rd2 Rxc3 21. bxc3 Nxa2 22. Ba5 Rc8 23. Rd3 d5 24. Qd2 b4 25. exd5 bxc3 {1-0 (29) Gallego Alcaraz,A (2410)-Zapata,A (2470) Pamplona 2012}) 17... Bf6 18. c3 g6 19. Rd2 Ne7 20. g4 ({Better is} 20. Rfd1 $16) 20... Bg7 $14 21. Ng3 d5 22. Bg2 {Threatening f5.} dxe4 $1 23. Bb6 (23. Nxe4 $11 Nd5 24. Bd4) 23... Qc4 $15 24. Rd7 $2 (24. b3 $15 Qxc3 25. Nxe4 Bxe4 26. Bxe4) 24... e3 $1 $19 {[%cal Re3f2]} 25. Bxe3 Bxg2 26. Qxg2 Nd5 27. Qf2 Nxe3 28. Qxe3 Qxa2 29. Qd2 Qa5 30. Rd1 (30. Qd6 $17 {might work better.}) 30... Qb6+ 31. Qf2 Qxf2+ 32. Kxf2 {[#]} Rc4 ({Black should try} 32... b4 $1 {[%mdl 512]} 33. Ne4 (33. cxb4 Rc4) 33... bxc3 34. bxc3 Rc4) 33. Ne2 $17 e5 34. R1d6 a5 35. Rd5 b4 36. b3 Re4 (36... Rcc8 $17 37. cxb4 axb4 38. fxe5 Rfe8) 37. Kf3 $1 $11 {[%cal Rf3e4]} f5 38. gxf5 gxf5 {White must now prevent ...bxc3.} 39. fxe5 Bxe5 40. Rxa5 bxc3 {Hoping for ...Re8.} 41. Rc5 Re8 {And now ...Rxe2! would win.} 42. Ng3 $2 {[%mdl 8192]} (42. Nxc3 $11 {and White has nothing to worry.} Rb4 43. Nd5 Rxb3+ 44. Kg2) 42... Rf4+ $19 43. Kg2 {[#]} Bd4 $1 44. Rxf5 Rxf5 45. Nxf5 {[%mdl 4096] Endgame KRB-KRN} c2 46. Rc7 Re2+ 47. Kf3 $2 (47. Kf1 Rf2+ 48. Ke1 Rxf5 49. Rxc2) 47... Rf2+ {Black is clearly winning.} 48. Ke4 Bb2 49. Nh6+ Kf8 50. Ke3 Rxh2 51. Ng4 c1=Q+ {Av CentiPawn Loss W=29/B=-18. Weighted=12/-19} 0-1

[Event "GER-ch Youth U18 2020"]
[Site "Willingen"]
[Date "2020.10.20"]
[Round "1.8"]
[White "Woelk, Tom-Frederic"]
[Black "Wensing, Maximilian"]
[Result "1-0"]
[WhiteElo "2253"]
[BlackElo "2039"]
[Annotator "TA"]
[PlyCount "55"]
[EventDate "2020.10.20"]
[EventType "swiss"]
[EventRounds "7"]
[EventCountry "GER"]
[SourceTitle "playchess.com"]
[Source "ChessBase"]
[SourceQuality "1"]

{[%evp 18,55,22,16,35,38,61,25,25,18,22,25,25,14,20,5,19,0,0,0,0,-4,-6,-26,0,0,27,39,144,142,156,119,134,129,144,139,278,278,279,270]} 1. d4 Nf6 2. c4 g6 3. Nc3 d5 4. cxd5 Nxd5 5. e4 Nxc3 6. bxc3 Bg7 7. Bb5+ c6 8. Ba4 O-O 9. Ne2 c5 10. O-O Bg4 {D85: Exchange Grünfeld: Unusual White 7th moves and lines with 7 Nf3.} 11. f3 Bd7 {[#]} 12. Be3 $146 ({Of course not} 12. dxc5 Qa5 $11) ({Predecessor:} 12. Bxd7 Nxd7 13. Be3 Qa5 14. Qb3 Qa6 15. Rfe1 cxd4 16. cxd4 Nc5 17. Qc2 Na4 18. Rac1 {0-1 (27) Ruperez,M (2157)-Aguero Jimenez,L (2483) Sabadell 2018}) 12... cxd4 {White has an edge.} 13. cxd4 Bxa4 14. Qxa4 Qd7 15. Qb3 Nc6 {[%cal Rc6d4]} 16. Rfd1 Rac8 17. Rab1 Na5 18. Qd3 b6 19. Nc3 Rfd8 20. Nb5 Rc4 21. d5 {[%cal Bd4d5,Bd5d6][%mdl 32]} Rdc8 22. d6 {Threatens to win with dxe7.} Bf8 {[#]} (22... R4c6 $14) 23. Nxa7 $1 $16 {[%mdl 512]} Ra8 (23... Qxa7 24. d7) 24. Bxb6 Rxa7 25. Bxa5 $1 Ra4 26. Bb6 {Black must now prevent dxe7.} Ra8 {[#]} (26... Rb7 $16 27. Bc5 exd6) 27. e5 $1 $18 Rxa2 28. Qb5 {Av CentiPawn Loss W=-8/B=-22. Weighted=-7/-19} 1-0

[Event "GER-ch Youth U18 2020"]
[Site "Willingen"]
[Date "2020.10.20"]
[Round "1.9"]
[White "Matthes, Aaron"]
[Black "Stelmaszyk, Nico"]
[Result "1/2-1/2"]
[WhiteElo "2198"]
[BlackElo "2301"]
[Annotator "TA"]
[PlyCount "49"]
[EventDate "2020.10.20"]
[EventType "swiss"]
[EventRounds "7"]
[EventCountry "GER"]
[SourceTitle "playchess.com"]
[Source "ChessBase"]
[SourceQuality "1"]

{[%evp 12,49,44,33,43,35,42,29,38,25,25,27,30,31,34,18,47,37,40,35,79,54,141,100,94,72,79,50,56,16,15,8,9,0,0,0,0,0,0,0]} 1. d4 d5 2. c4 e6 3. Nc3 c5 4. cxd5 exd5 5. Nf3 Nc6 6. dxc5 d4 7. Na4 Bxc5 {[%mdl 64] [#] Decoy. D32: Tarrasch Defence: Sidelines and lines without g3.} 8. Nxc5 {And now Nb3 would win.} Qa5+ 9. Bd2 Qxc5 {White has an edge.} 10. Rc1 Qb6 $1 11. e3 Nf6 12. Bc4 $36 {[%mdl 2048] White fights for an advantage.} O-O 13. O-O Bg4 14. exd4 Rad8 15. Bc3 Nd5 {[#]} 16. Qd3 $146 ({Predecessor:} 16. h3 Bh5 17. Re1 Qc7 18. Qd3 Bg6 19. Qf1 f6 20. b4 Qd6 21. Nd2 Bf7 22. Ne4 {1-0 (46) Roberson,P (2388)-Jackson,J (2290) Reading 2016}) 16... Na5 ({Black should play} 16... Ndb4 $14 17. Qe4 Bxf3 18. Qxf3 (18. gxf3 Na5 $11) 18... Nxd4) 17. Bxa5 Qxa5 18. Ne5 Be6 19. Qb3 Nf4 $1 {[%cal Rf4e2] [#] White must now prevent ...Ne2+!} 20. Bxe6 (20. Rfe1 {with more complications.} Bxc4 21. Qxc4 Qb6 22. Re4 Nd5 23. Re2) 20... Nxe6 {The position is equal.} 21. Qxb7 {Strongly threatening Nc6.} Nxd4 22. Nc6 Nxc6 23. Rxc6 Qxa2 24. Ra6 Rb8 25. Rxa2 {Av CentiPawn Loss W=-13/B=-11. Weighted=-12/-20} 1/2-1/2